000 00503nam a2200193Ia 4500
005 20260429112230.0
008 260429s9999||||xx |||||||||||||| ||und||
020 _a9789348196200
041 _aEnglish
082 _a910
_bBAN
100 _aBanerjee, Abhishek
245 0 _aTourism local systems and networking /
_cAbhishek Banerjee
250 _a1st ed.
260 _aNew Delhi :
_bVenus Books,
_c2025.
300 _axii, 282 p.; hb
650 _a Networking
650 _aTourism
942 _cTB
999 _c53021
_d53021